• 首页
  • 本馆介绍
  • 公告通知
  • 最新文献
  • 馆藏检索
  • 电子资源
  • 读者导购
  • 参考咨询
  • 我的图书馆
  • 登录
  • 详细信息显示
  • 放入我的书架
  • 预约/预借图书
  • 作者相关作品
  • 分类相关作品
  • 丛书相关作品
  • 出版社相关作品

书目信息

  • 表格格式
  • 工作单格式
  • 卡片格式
题名:
西方记者报道中国作品评介
    
 
作者: 雕岩 编
分册:  
出版信息: 北京   新华出版社  1985
页数: 235页
开本: 19cm
丛书名:
单 册:
中图分类: I15
科图分类:
主题词: 报告文学--作品集--世界
电子资源:
ISBN:
000 00651nam0 2200241 45
001 0185006210
005 20040418150007.6
010    @dCNY1.00
091    @a7203.112
100    @a19901105d1985 emky0chiy0121 ea
101 0  @achi
102    @aCN@b110000
105    @ay zr 000zy
106    @ar
200 10 @a西方记者报道中国作品评介@Axi fang ji zhe bao dao zhong guo zuo pin ping jie@f雕岩编
210    @a北京@c新华出版社@d1985
215    @a235页@d19cm
606 0  @a报告文学@x作品集@x世界
690    @aI15
701  0 @a雕岩@Adiao yan@4编
801  0 @aCN@b深圳图书馆@c20040418
801  2 @aCN@bNLC@c20040418
905    @f2@b158339-340@dI15@e138
    
    西方记者报道中国作品评介/雕岩编.-北京:新华出版社,1985
    235页;19cm
    
    
    ISBN :CNY1.00
    
●
相关链接 在E读中查询图书 在五车中查询图书 在当当中查询图书 在豆瓣中查询图书


正题名:西方记者报道中国作品评介     索取号:I15/138         预约/预借

序号 登录号 条形码 馆藏地/架位号 状态 备注
1 0158339   000087480   密集书库/ [索取号:I15/138] 在馆    
2 0158340   000087471   第二借阅区/ [索取号:I15/138] 在馆    
3 0158341   000087462   第一样本阅览室/ [索取号:I15/138] 在馆    
唐山师范学院图书馆 欢迎您!
大连网信软件有限公司© 版权所有